000 00773nam a22001937a 4500
999 _c13400
_d13400
003 AR-CdUCM
008 190415b ||||| |||| 00| 0 spa d
040 _aMUNICIPALIDAD PROVINCIAL DEL CUSCO
_cBIBLIOTECA MUNICIPAL DEL CUSCO
082 _a352.856 /
_bF82
245 _aFrente unido :
_bPlan de gobierno municipal del Qosqo 1993-1995 /
260 _aCusco :
300 _a78 páginas ;
_c20 cm.
505 _aContenido: Orientaciones programativas del plan de gobierno -- Programa de accion social -- Programa de acondicionamiento territorial -- Programa de cultura, educación y comunicación...
650 _aPlan de gobierno
_931795
650 _aAcción social
_929884
650 _aCultura y educación
_931810
942 _2ddc
_cLIBROS
945 _adavv
_d15/04/2019